00882nam a2200217 a 450000100100000000500170001000800410002704000250006808200150009310000230010824501560013126000350028730000210032250000380034353400540038173000510043570000390048604900090052595201130053499900170064700002304920200930021944.0101125s1977 sp r 000 | spa d aDO-SdBNPbspacBNPHU axxxbA823t1 aAshby, Eric94743013aLa tecnología y los academicos :bensayo sobre las universidades y la revolución científica /cEric Ashby; traducción de Guillermo Indacoechea. aCaracas :bMonte Avila,c1977. a167 p. ;c19 cm. aIncluye notas al pie de páginas aTítulo original :tTechnology and the academics0 aTechnology and the academicslespañol9474311 aIndacoechea, Guillermoetr.947432 aBNGR 001050718MOaGRbGRcCTd2010-11-25iLF1l0oxxx A823tp23049-10r2020-06-25w2020-06-25y1ZNo se presta c22546d22546